000 00688cam a2200265 4500
001 J452
008 090401t1990 xxu||||| |||| 00| 0 eng d
035 _a(Sirsi) u75064
041 _aeng
050 _a711.1
100 _aChase, Martyn
245 _aLaying the ground rules.
260 _aLondon
_bDonaldsons
_c1990
300 _a(3)p. : ill. ; 30cm.
350 _a0
520 _aReprinted from Municipal Journal, 2nd February 1990.
650 _aDEVELOPERS
650 _aDEVELOPMENT PARTNERSHIPS
650 _aLOCAL AUTHORITIES
650 _aPARTNERSHIPS
690 _aPROPERTY-COMMERCIAL PROPERTY
710 _aDonaldsons
_93333
942 _n0
948 _c04/03/1997
999 _c95955
_d95955